000 00695nam a2200265 i 4500
001 C2-0270099
003 PPAK
005 20180728000551.0
008 060809s2001 enk |||| ||||| | eng d
020 _a0340796227
040 _aPPAK
_beng
_cPPAK
_erda
082 0 4 _a823
_223
090 0 0 _a823
_bBLY
_dK
100 1 _aBlyton, Enid,
_eauthor
245 1 0 _aFive get into trouble
264 1 _aLondon :
_bHodder Children's ,
_c2001
300 _a246 pages ;
_c18 cm
336 _2rdacontent
_atext
337 _2rdamedia
_aunmediated
338 _2rdacarrier
_avolume
490 1 _aThe famous five
650 1 0 _aChildren's stories, English
830 0 _aThe famous five
942 _ddc
_cB
999 _c78671
_d78671